000 01114cam a2200265 a 4500
001 2969
003 FISKH
005 20260305082044.0
008 080402s2009 nyuab b 001 0 eng
010 _a 2008015123
020 _a0531185559 (pbk.)
020 _a9780531221716
040 _aDLC
_cDLC
_dDLC
_beng
050 0 0 _aDS763.63.C58
_bP75 2009
082 0 0 _a951/.035092
_aB
_222
100 1 _aPrice, Sean Stewart
245 1 0 _aCixi :
_bevil empress of China? /
_cSean Stewart Price.
260 _aNew York :
_bScholastic,
_c2009.
300 _a128 pages :
_billustrations, maps ;
_c18 cm
490 0 _aA wicked history
520 _aDiscover the life of Cixi, the Empress of China, her devious rise to power to the consequences of supporting the Boxers. The wicked ways of some of the most ruthless rulers to walk the earth are revealed in these thrilling biographies (A Wicked History) about men and women so monstrous, they make Frankenstein look like a sweetheart.
600 0 0 _aCixi,
_cEmpress dowager of China,
_d1835-1908.
906 _a7
_bcbc
_corignew
_d1
_eecip
_f20
_gy-gencatlg
942 _2ddc
_cBK
_n0
999 _c2969
_d2969